<?xml version="1.0" encoding="UTF-8"?>
<collection xmlns="http://www.loc.gov/MARC21/slim">
 <record>
  <leader>     na                 </leader>
  <controlfield tag="001">INLIS000000000000614</controlfield>
  <controlfield tag="005">20211025075105</controlfield>
  <controlfield tag="035">$a 0010-1021000002</controlfield>
  <controlfield tag="245">$a Utang A.S.I maring biyung desauri ora bakal lunas /$c Yusmanto</controlfield>
  <controlfield tag="100">$a Yusmanto</controlfield>
  <controlfield tag="300">$a 43 hlm : $b ilus ; $c 19 x 26.5 cm</controlfield>
  <controlfield tag="260">$a Purwokertp :$b Yayasan Carablaka,$c 2021</controlfield>
  <controlfield tag="082">$a 050</controlfield>
  <controlfield tag="084">$a 050 YUS u</controlfield>
  <controlfield tag="022">$a 2087-023X</controlfield>
  <controlfield tag="863">$a Agustus 2021</controlfield>
  <controlfield tag="990">$a MA015/2021</controlfield>
  <controlfield tag="990">$a MA016/2021</controlfield>
 </record>
</collection>
